Population | MSA |
18,897,109 | ??? | | 92% | 12,828,837 | ??? | | 90.8% | 6,371,773 | ??? | | 88.2% | 9,461,105 | ??? | | 87.6% | 5,946,800 | ??? | | 87.4% | 4,335,391 | ??? | | 85.7% | 5,965,343 | ??? | | 84.4% | 4,552,402 | ??? | | 83.3% | 5,564,635 | ??? | | 83.2% | 3,095,313 | ??? | | 81.6% | 3,439,809 | ??? | | 81.5% | 5,582,170 | ??? | | 81.3% | 4,192,887 | ??? | | 81.2% | 5,268,860 | ??? | | 80.2% | 4,296,250 | ??? | | 78.5% | 2,142,508 | ??? | | 77.9% | 2,077,240 | ??? | | 76.2% | 2,543,482 | ??? | | 75.8% | 3,279,833 | ??? | | 75% | 2,710,489 | ??? | | 74.3% | 2,226,009 | ??? | | 73.4% | 2,812,896 | ??? | | 73.3% | 2,130,151 | ??? | | 72.5% | 2,783,243 | ??? | | 71.8% | 2,035,334 | ??? | | 71.4% | 1,756,241 | ??? | | 71.1% |
|
Population | MSA |
2,356,285 | ??? | | 70.6% | 1,758,038 | ??? | | 70.2% | 1,836,536 | ??? | | 69.3% | 1,716,289 | ??? | | 69.3% | 1,316,100 | ??? | | 68.8% | 1,345,596 | ??? | | 67.9% | 1,589,934 | ??? | | 67.4% | 1,951,269 | ??? | | 66.6% | 1,555,908 | ??? | | 66% | 1,836,911 | ??? | | 65.6% | 1,167,764 | ??? | | 62.6% | 2,134,411 | ??? | | 61.6% | 1,252,987 | ??? | | 59% | 2,149,127 | ??? | | 58.9% | 1,130,490 | ??? | | 54.8% | 4,224,851 | ??? | | 53.8% | 1,283,566 | ??? | | 53.3% | 1,671,683 | ??? | | 52.2% | 1,135,509 | ??? | | 50.3% | 1,124,197 | ??? | | 44.8% | 1,600,852 | ??? | | 37.1% | 1,212,381 | ??? | | 34.5% | 1,258,251 | ??? | | 33.3% | 1,128,047 | ??? | | 30.7% | MINE | ??? | | 21.9% |
|
Comments